00876nam a2200193 i 450000100060000000300090000600500170001500700030003200800410003524502670007626000520034330000370039565000330043270000300046570000290049585200210052499900170054595201200056244990ES-MaACL20250723061829.0t|030324s1906 gw ||||1| ger d03aLo Codi b: eine Summa Codicis in provenzalischer Sprache aus der Mitte des XII. Jahrhunderts / cherausgegeben von Hermann Fitting und Hermann Suchier. Erste Teil, Lo Codi in der lateinischen Ubersetzung des Ricardus Pisanus / herausgegeben von Hermann Fitting. aHalle : bMax Niemeyer, c1906 (fWaisenhanses) aX, 385 p., III lám. ; c24 cm.07aDerecho romano2embne9117641 aPisanus, Ricardus.9923671 aFitting, Hermann.951062 aES-MaACLjC-6604 c44990d44990 00104070aATENEOMbATENEOMcSPALd2008-01-17eSCl0oC-6604p1047350r2023-02-23 00:00:00w2023-02-23yMONOGRAFIA